| 000 | 00530nam a22002057a 4500 | ||
|---|---|---|---|
| 003 | SISC | ||
| 005 | 20160318091745.0 | ||
| 008 | 121203t xxu||||| |||| 00| 0 eng d | ||
| 020 | _a0345375211 | ||
| 050 |
_aPR 6039.O32 _b.T649 1983 |
||
| 082 |
_aCLA T57b _b1983 |
||
| 100 |
_aTolkien, J. R. R. _93573 |
||
| 245 |
_aThe book of lost tales 1 / _cJ.R.R. Tolkien |
||
| 260 |
_aNew York : _bBallantine Books, _cc1983. |
||
| 300 |
_a345 p. _c17 cm. |
||
| 562 | _e1 | ||
| 650 |
_aFantasy _93293 |
||
| 942 |
_2lcc _cBK |
||
| 999 |
_c7650 _d7650 |
||